Separation, Extraction and Concentration Processes in the Food , Beverage and Nutraceutical Industries (Record no. 19453)
[ view plain ]
| 000 -LEADER | |
|---|---|
| fixed length control field | 00554nam a22001697a 4500 |
| 003 - CONTROL NUMBER IDENTIFIER | |
| control field | OSt |
| 008 - FIXED-LENGTH DATA ELEMENTS--GENERAL INFORMATION | |
| fixed length control field | 250224b |||||||| |||| 00| 0 eng d |
| 041 ## - LANGUAGE CODE | |
| Language code of text/sound track or separate title | eng |
| 082 ## - DEWEY DECIMAL CLASSIFICATION NUMBER | |
| Classification number | 664.02 |
| Item number | RIZ/SE |
| 100 ## - MAIN ENTRY--AUTHOR NAME | |
| Personal name | Rizvi, Syed SH; ed. |
| 245 ## - TITLE STATEMENT | |
| Title | Separation, Extraction and Concentration Processes in the Food , Beverage and Nutraceutical Industries |
| 250 ## - EDITION STATEMENT | |
| Edition statement | Reprint |
| 260 ## - PUBLICATION, DISTRIBUTION, ETC. (IMPRINT) | |
| Place of publication | Cambridge, UK: |
| Name of publisher | Woodhead Publishing, |
| Year of publication | 2011. |
| 300 ## - PHYSICAL DESCRIPTION | |
| Number of Pages | 665p. |
| 490 ## - SERIES STATEMENT | |
| Series statement | Woodhead Publishing Series in Food Science, Technology and Nutrition: No.2 |
| 942 ## - ADDED ENTRY ELEMENTS (KOHA) | |
| Koha item type | Books |
| Withdrawn status | Lost status | Damaged status | Home library | Current library | Shelving location | Date acquired | Source of acquisition | Cost, normal purchase price | Full call number | Accession Number | Koha item type |
|---|---|---|---|---|---|---|---|---|---|---|---|
| KAUAET | KAUAET | Reference | 24/02/2025 | International Books & Periodicals Supply Service, Delhi | 14367.00 | 664.02 RIZ/SE | 22958 | Books |
